Personaliti guru dan perkaitannya dnegan tingkahlaku pelajar dalam bilik darjah : suatu kajian kes di lima buah Sekolah Menengah di sekitar Negeri Selangor /
Saved in:
| Main Author: | |
|---|---|
| Format: | Thesis Book |
| Language: | Malay |
| Published: |
1985.
|
| Subjects: | |
| Tags: |
Add Tag
No Tags, Be the first to tag this record!
|
| LEADER | 01139cam a2200265 a 4500 | ||
|---|---|---|---|
| 001 | u510548 | ||
| 003 | SIRSI | ||
| 008 | 030410s1985 my v 00 10 may m | ||
| 035 | |a ACX-6112 | ||
| 040 | |a UMM | ||
| 043 | |a a-my-se | ||
| 090 | |a LB1033 |b Omaha | ||
| 100 | 0 | 0 | |a Omardin Haji Ashaari. |
| 245 | 1 | 0 | |a Personaliti guru dan perkaitannya dnegan tingkahlaku pelajar dalam bilik darjah : |b suatu kajian kes di lima buah Sekolah Menengah di sekitar Negeri Selangor / |c oleh Omarin bin Haji Ashaari. |
| 260 | |c 1985. | ||
| 300 | |a [234] leaves : |b ill. ; |c 29 cm. | ||
| 502 | |a Dissertation (M.A) -- Jabatan Psikologi, Universiti Kebangsaan Malaysia, 1985. | ||
| 650 | 0 | |a Teacher-student relationships |x Study and teaching (Secondary) |z Malaysia. | |
| 650 | 0 | |a Student evaluation of teachers |x Study and teaching (Secondary) |z Malaysia. | |
| 650 | 0 | |a Teachers |z Malaysia |x Attitudes. | |
| 650 | 0 | |a Students |x Rating of |z Malaysia. | |
| 710 | 2 | 0 | |a Universiti Kebangsaan Malaysia. |b Jabatan Psikologi. |
| 948 | |a 10/04/2003 |b 01/10/2004 | ||
| 596 | |a 1 | ||
| 999 | |a LB1033 OMAHA |w LC |c 1 |i A511369781 |d 13/1/2017 |e 13/1/2017 |l STACKS |m P01UTAMA |n 27 |r Y |s Y |t TESIS |u 1/10/2004 | ||
